Normal view
MARC view
- Rostow, W. W.
Entry Personal Name
001 - CONTROL NUMBER
- control field: 8065
003 - CONTROL NUMBER IDENTIFIER
- control field: NUST
005 - DATE AND TIME OF LATEST TRANSACTION
- control field: 20180105095207.0
008 - FIXED-LENGTH DATA ELEMENTS
- fixed length control field: 180105|| aca||aabn | a|a d
040 ## - CATALOGING SOURCE
- Original cataloging agency: NUST
- Transcribing agency: NUST
100 ## - HEADING--PERSONAL NAME
- Personal name: Rostow, W. W.
- Fuller form of name: (Walt Whitman),
- Dates associated with a name: 1916-2003
- General subdivision: Political and social views.
670 ## - SOURCE DATA FOUND
- Source citation: Work cat.: (NUST)0: Milne, David, 1976- 8063, America's Rasputin :, 2008.
